000 00588nam a2200181 a 4500
005 20210223120710.0
008 991125s1971 mx 000 0 spa u
035 _aUPN01000005716
049 _aCE
050 4 _aZ670
_bP5.2
100 1 _aPiercy, Esther J.
245 1 0 _aBiblioteconomía lógica :
_bmanual para la organización de libros y otros... /
_cEsther J. Piercy ; tr. de Surya Peniche de Sánchez MacGregor.
260 _aMéxico :
_bPax-México,
_c1971.
300 _a247 p. :
_bil.
440 0 _aBiblioteconomía
650 4 _aBIBLIOTECONOMIA -
_vMANUALES
_93928
905 _aLibro
999 _c5716
_d5716